Loading...
| History - Other History | 0 | 5 | 0 | 0 | 50 | 91 | 119.80 | 0 | 0 |
| History - American History | 0 | 5 | 1 | 1 | 45 | 105 | 125.40 | 0 | 0 |
| Literature - European Literature | 0 | 5 | 1 | 1 | 45 | 124 | 141.40 | 0 | 0 |
| Fine Arts - Other Fine Arts | 0 | 4 | 0 | 0 | 40 | 69 | 95.00 | 0 | 0 |
| Literature - World Literature | 0 | 3 | 0 | 0 | 30 | 75 | 101.00 | 1 | 2 |
| History - European History | 0 | 3 | 0 | 0 | 30 | 78 | 104.00 | 0 | 0 |
| Literature - American Literature | 0 | 3 | 0 | 0 | 30 | 119 | 135.33 | 0 | 1 |
| History - World History | 0 | 3 | 1 | 0 | 25 | 99 | 114.33 | 0 | 0 |
| Religion | 0 | 3 | 1 | 0 | 25 | 40 | 97.33 | 0 | 0 |
| Fine Arts - Painting & Sculpture | 0 | 3 | 1 | 2 | 25 | 107 | 126.00 | 0 | 0 |
| Current Events | 0 | 1 | 0 | 0 | 10 | 69 | 69.00 | 0 | 1 |
| Mythology | 0 | 1 | 0 | 0 | 10 | 112 | 112.00 | 0 | 0 |
| Other Academic | 0 | 1 | 0 | 1 | 10 | 135 | 135.00 | 0 | 0 |
| Science - Other Science | 0 | 1 | 0 | 0 | 10 | 100 | 100.00 | 0 | 0 |
| Literature - British Literature | 0 | 1 | 1 | 0 | 5 | 134 | 134.00 | 0 | 0 |
| Science - Physics | 0 | 0 | 0 | 0 | 0 | 0.00 | 0 | 0 | |
| Fine Arts - Classical Music | 0 | 0 | 1 | 0 | -5 | 0.00 | 0 | 0 |